DE COMO EUROPA SUBDESARROLLO A AFRICA/

TRADUCCION DE: HOW EUROPE UNDERDEVELOPED AFRICA

I tiakina i:
Ngā taipitopito rārangi puna kōrero
Kaituhi matua: Rodney, Walter (autor)
Hōputu: Pukapuka
Ngā marau:
Ngā Tūtohu: Tāpirihia he Tūtohu
Kāore He Tūtohu, Me noho koe te mea tuatahi ki te tūtohu i tēnei pūkete!

MARC

LEADER 00000nam^a2200000^a^4500
001 000216777
005 20250521000000.0
009 20260310103702.601
020 |a 968-23-1157-8 
035 |a 039667 
037 |a Acervo Xavier Clavigero 
082 |a 330. 6  |b ROD 
100 |a Rodney, Walter  |e (autor) 
245 1 0 |a DE COMO EUROPA SUBDESARROLLO A AFRICA/  |c WALTER RODNEY; TR. PABLO GONZALEZ CASANOVA HENRIQUEZ 
264 |a MEXICO :  |b SIGLO XXI,  |c 1982 
300 |a 346p. 
336 |a texto  |b txt  |2 rdacontenido 
337 |a sin mediación  |b n  |2 rdamedio 
338 |a volumen  |b nc  |2 rdasoporte 
520 |a TRADUCCION DE: HOW EUROPE UNDERDEVELOPED AFRICA 
649 |a XX 
650 |a Africa -  |x Condiciones Económicas 
650 |a Africa -  |x Historia 
650 |a Política -  |z Europa 
910 |a Fondo General 
920 |a Impresos - Libros 
930 |a Colección General 
905 |a 101 
901 |a 039667  |b IT1  |c ACC  |i 039667  |u 20250521 
902 |a https://opac.biblio.iteso.mx/vufind/Record/000216777